Представление документа в формате MARC21

ПолеНазваниеЗначение
  Тип записи a
  Библиографический уровень m
001 Контрольный номер BIBLIOCLUB\0000725982
005 Дата корректировки 20260430154907.5
006 m o d
007 Элементы данных для физической характеристики c|||||||||||||
008 Кодируемые данные s2025 rus o rus d
020 Индекс ISBN __
a ISBN 978-5-9729-2142-3
041 Код языка издания 0_
a Код языка текста rus
084 Индекс другой классификации/Индекс ББК __
a Индекс другой классификации/Индекс ББК 26.3с51я73
b Номер единицы LBC/PL
2 Источник индекса rubbk
084 Индекс другой классификации/Индекс ББК __
a Индекс другой классификации/Индекс ББК 32.972.131.2я73
b Номер единицы LBC/PL
2 Источник индекса rubbk
245 Заглавие 10
a Заглавие Моделирование геолого-геофизических параметров: трехмерное моделирование
b Продолж. заглавия учебник
c Ответственность В. М. Александров, В. А. Белкина, Н. В. Санькова, В. В. Мазуркевич
260 Выходные данные __
a Место издания Москва, Вологда
b Издательство Инфра-Инженерия
c Дата издания 2025
300 Физическое описание __
a Объем 264 с.
b Иллюстрации/ тип воспроизводства ил., табл.
504 Библиография __
a Библиография Библиогр. в кн
653 Ключевые слова 1_
a Ключевые слова Учебник для высшей школы
700 Другие авторы _1
a Другие авторы Александров В. М.
700 Другие авторы _1
a Другие авторы Белкина В. А.
700 Другие авторы _1
a Другие авторы Мазуркевич В. В.
700 Другие авторы _1
a Другие авторы Санькова Н. В.
856 Электронный адрес документа 40
3 Область применения данных поля Университетская библиотека ONLINE
u URL https://biblioclub.ru/index.php?page=book&id=725982
900 Электронные ресурсы __
a Имя электронного ресурса https://img.biblioclub.ru/sm_cover/53ad112a14ea6e64f772d544bf462c4d47uuqg1rzi/cover.jpg